Dove giocava nel 2010-2011? - Quiz n°16 - Statistics

Statistiche generali
  • Questo quiz è stato fatto 25 volte
  • Il punteggio medio è 6 su 10
Statistiche sulle risposte
Hint Risposta % Corretto
Gonzalo Higuaín Real Madrid
90%
Andrea Ranocchia Genoa
85%
Jack Wilshere Arsenal
80%
Arjen Robben Bayern Monaco
80%
Bernd Leno Stoccarda II
75%
Francesco Lodi Frosinone
65%
Mario Yepes Milan
65%
Victor Moses Wigan
40%
David Ospina Nizza
25%
Steven Nzonzi Blackburn
10%
Nessun quiz corrispondente trovato
Distribuzione punteggi
Percentuale di utenti per punteggio
Percentile per numero di risposta
I tuoi punteggi nel tempo
Non hai fatto questo quiz